000 00857nam a22002417a 4500
005 20251112125832.0
008 161114b mx ||||| |||| 00| 0 spa d
020 _a9684399065 2a ed.
020 _a9684392044 1a ed.
050 0 4 _aBL311
_bP68 1999
100 1 _aPotter, Robert R.
_d1948-
_q[Robert Randall]
240 1 0 _aMyths and folk tales around the world.
_lespañol
245 1 0 _aMitos y leyendas del mundo
_c / Robert R. Potter, H. Alan Robinson ; traducción Magdalena Martínez Carreño y Lucero Aguilar.
250 _a2a ed.
260 _aMéxico :
_bGrupo Patria Cultural,
_c1999
300 _a403 p. :
_bil. ;
_c22 cm.
650 7 _2lemb
_aMitología
650 7 _2lemb
_afolclor
700 1 _aRobinson, H. Alan,
_eautor
700 1 _aMartínez Carreño, Magdalena,
_etraductor
700 1 _aAguilar, Lucero,
_etraductor
942 _2lcc
_cLIB
999 _c172406
_d172404